| 000 | 00293nam a2200121 i 4500 | ||
|---|---|---|---|
| 001 | bg | ||
| 245 | 0 |
_aMateriały pokonferencyjne Kreda Jeziorna i Gytie. _nT. 2. |
|
| 260 |
_aGorzów Wlkp. _c1980. |
||
| 040 | _cBPK | ||
| 041 | _apol | ||
| 942 | _cKS | ||
| 008 | s pl f |000 0 pol | ||
| 999 |
_c19945 _d19945 |
||
| 856 |
_uhttp://koha.tu.koszalin.pl/cgi-bin/koha/opac-detail.pl?biblionumber=19945 _yKatalog online BPK |
||